[Event "Balatonbereny op"]
[Site "Balatonbereny"]
[Date "1995.??.??"]
[Round "4"]
[White "Barczay, Laszlo"]
[Black "Arnold, Johannes"]
[Result "1-0"]
[WhiteElo "2425"]
[BlackElo "2250"]

1.e4 c5 2.Nf3 Nc6 3.Bb5 g6 4.O-O Bg7 5.Re1 e5 6.Bxc6 dxc6 7.d3 Qe7 8.h3 f6
9.Qd2 Bh6 10.Qc3 Bxc1 11.Rxc1 Nh6 12.a4 Nf7 13.a5 Nd8 14.Qa3 Ne6 15.Nc3 g5
16.Ne2 h5 17.Ng3 Nf4 18.Re1 Qf8 19.Qc3 h4 20.Nf5 Bxf5 21.exf5 O-O-O 22.a6 b6
23.Ra4 Nd5 24.Qb3 Qg7 25.Rae4 Qd7 26.c3 Qxf5 27.d4 exd4 28.cxd4 c4 29.Qxc4 Qd7
30.Qe2 Nc7 31.Re7 Qd5 32.Qc2 Rhe8 33.Qh7 Rxe7 34.Rxe7 Qd6 35.Qf5+ Kb8 36.Rf7 Rf8
37.Rxf8+ Qxf8 38.Ne5 Qd6 39.Nd7+ Ka8 40.Nxb6+  1-0

[Event "Balatonbereny op"]
[Site "Balatonbereny"]
[Date "1995.??.??"]
[Round "7"]
[White "Peptan, Corina"]
[Black "Arnold, Johannes"]
[Result "1-0"]
[WhiteElo "2340"]
[BlackElo "2250"]

1.e4 c5 2.Nf3 Nc6 3.Bb5 g6 4.O-O Bg7 5.Re1 e5 6.Bxc6 dxc6 7.d3 Qe7 8.Nbd2 f6
9.c3 Nh6 10.a4 a5 11.d4 cxd4 12.cxd4 Nf7 13.dxe5 Nxe5 14.Nxe5 fxe5 15.b3 Be6
16.Qe2 Qf7 17.Ba3 Bxb3 18.Nxb3 Qxb3 19.Qd2 Qf7 20.Rab1 Bf8 21.Qc3 Qg7 22.Red1 Bxa3
23.Qxa3 Rf8 24.Rd6 Qe7 25.Qd3 Rf7 26.Rd1 Qc7 27.Qg3 Re7 28.h4 Kf7 29.Qg5 Rg8
30.h5 Rg7 31.R1d3 c5 32.Qf6+ Ke8 33.hxg6 hxg6 34.Rh3 Rg8 35.Rh8 Qxd6 36.Rxg8+ Kd7
37.Rd8+  1-0

[Event "Balatonbereny"]
[Site "Balatonbereny"]
[Date "1995.??.??"]
[Round "7"]
[White "Romanishin, Oleg M"]
[Black "Nikolaidis, Ioannis"]
[Result "1-0"]
[WhiteElo "2580"]
[BlackElo "2540"]

1.e4 c5 2.Nf3 Nc6 3.Bb5 g6 4.O-O Bg7 5.c3 Nf6 6.Re1 O-O 7.h3 e5 8.d3 d6 9.a4 a6
10.Bc4 d5 11.exd5 Nxd5 12.Bg5 f6 13.Be3 b6 14.d4 exd4 15.cxd4 Na5 16.Bxd5+ Qxd5
17.Nc3 Qf7 18.dxc5 Nb3 19.Ra3 Nxc5 20.b4 Nd7 21.Ne4 Bb7 22.Nd6 Bxf3 23.gxf3 Qe6
24.Bc1 Qxh3 25.f4 Qh4 26.Qd5+ Kh8 27.Nf7+ Rxf7 28.Qxf7 Nf8 29.Re7 Bh6 30.Bb2  1-0

[Event "Regionalliga NW9596"]
[Site "Bayern"]
[Date "1995.??.??"]
[Round "?"]
[White "Reichenbacher, Gerhard"]
[Black "Buechs, Martin"]
[Result "1-0"]
[WhiteElo "1960"]
[BlackElo "1825"]

1.e4 c5 2.Nf3 Nc6 3.Bb5 g6 4.O-O Bg7 5.c3 e5 6.Re1 Nge7 7.d3 O-O 8.Bg5 Qb6
9.Na3 Qc7 10.d4 d6 11.d5 Nb8 12.Nd2 a6 13.Bf1 h6 14.Bh4 g5 15.Bg3 Ng6 16.Nac4 f5
17.Qh5 Nf4 18.Bxf4 gxf4 19.Bd3 b5 20.Na3 Qf7 21.Qxf7+ Rxf7 22.exf5 Bxf5 23.Bxf5 Rxf5
24.Ne4 Bf8 25.c4 b4 26.Nc2 Nd7 27.b3 a5 28.a3 Rb8 29.axb4 axb4 30.Ra6 Rb6
31.Rea1 Rf7 32.Ne1 Kg7 33.f3 Rxa6 34.Rxa6 Nb8 35.Rb6 Nd7 36.Rc6 Nb8 37.Rc8 Rb7
38.Re8 Rb6 39.Nd3 Kf7 40.Rc8 Nd7 41.Rc7 Ke8 42.Ra7 Be7 43.Ndf2 h5 44.Kf1 Kd8
45.Ke2 Kc8 46.Kd3 Rb7 47.Ra5 Kb8 48.Nh3 Ra7 49.Rxa7 Kxa7 50.Nhg5 Kb7 51.Ne6 Kc8
52.Ng7 Nf6 53.Nxf6 Bxf6 54.Nxh5 Bh8 55.Ke4 Kd7 56.g4 Ke7 57.Kf5 Kf7 58.h4 Bg7
59.Nxg7 Kxg7 60.g5 Kf7 61.h5 Kg7 62.g6  1-0

[Event "Oberliga Bayern9596"]
[Site "Bayern"]
[Date "1995.??.??"]
[Round "?"]
[White "Albert, Thomas"]
[Black "Hertel, Hans"]
[Result "0-1"]
[WhiteElo "2110"]
[BlackElo "2050"]

1.e4 c5 2.Nf3 Nc6 3.Bb5 e6 4.O-O Nge7 5.c3 a6 6.Ba4 d5 7.exd5 Qxd5 8.d4 Bd7
9.Re1 Qh5 10.dxc5 Qxc5 11.Nbd2 Qd6 12.Ne4 Qxd1 13.Rxd1 Nd5 14.c4 Nb6 15.Bb3 Na5
16.Ne5 Nxb3 17.axb3 Rd8 18.Be3 Nc8 19.c5 f6 20.Nxd7 Rxd7 21.b4 Be7 22.Kf1 f5
23.Nd2 Kf7 24.Nc4 Rxd1+ 25.Rxd1 Rd8 26.Ke2 Rxd1 27.Kxd1 Bd8 28.Bf4 Ke8 29.Kc2 g5
30.Bb8 Kd7 31.Ne5+ Ke8 32.Kd3 Ne7 33.Kc4 Nc6 34.b5 Nxb8 35.bxa6 Nxa6 36.b4 Bf6
37.Nd3 Kd7 38.b5 Nc7 39.Nc1 h5 40.Nb3 Nd5  0-1

[Event "Oberliga Bayern9596"]
[Site "Bayern"]
[Date "1995.??.??"]
[Round "?"]
[White "Bocksberger, Stefan"]
[Black "Kostic, Vladimir"]
[Result "1-0"]
[WhiteElo "2310"]
[BlackElo "2410"]

1.e4 c5 2.Nf3 Nc6 3.Bb5 g6 4.O-O Bg7 5.c3 Nf6 6.Re1 O-O 7.h3 d6 8.d4 cxd4
9.cxd4 a6 10.Bxc6 bxc6 11.Nc3 Rb8 12.b3 c5 13.e5 Nd7 14.exd6 exd6 15.Bg5 Qa5
16.Ne4 d5 17.Nxc5 Nxc5 18.dxc5 Bb7 19.Qc2 Rbc8 20.Rac1 d4 21.Qd2 Qxd2 22.Nxd2 f6
23.Bf4 Rfd8 24.Bd6 Bd5 25.Nc4 Bf7 26.f4 Rc6 27.g4 Bxc4 28.Rxc4 f5 29.gxf5 gxf5
30.Kf2 Rd7 31.Ke2 Bf6 32.Rg1+ Kf7 33.Kd3 Ke6 34.Re1+ Kf7 35.Be5 Be7 36.Rxd4 Rb7
37.b4 a5 38.a3 axb4 39.axb4 Ra6 40.Rc1 Rh6 41.Kc4 Rxh3 42.b5 Ra7 43.b6 Ra5
44.Kd5 Rb3 45.Kc6 h5 46.Rd7 Ke8 47.Ra7 Rab5 48.b7 Bd8 49.Bd6  1-0

[Event "Oberliga Bayern9596"]
[Site "Bayern"]
[Date "1995.??.??"]
[Round "?"]
[White "Bus, Mariusz"]
[Black "Dobosz, Henryk"]
[Result "1-0"]
[WhiteElo "2360"]
[BlackElo "2405"]

1.e4 c5 2.Nf3 Nc6 3.Bb5 e6 4.Bxc6 bxc6 5.O-O f6 6.b3 Nh6 7.Bb2 Be7 8.c3 a5
9.d4 Nf7 10.Ba3 cxd4 11.Bxe7 Qxe7 12.cxd4 Qb4 13.Nbd2 a4 14.a3 Qb5 15.b4 e5
16.Qc2 d6 17.Rac1 Ra6 18.Rfd1 Be6 19.Nc4 Ke7 20.dxe5 fxe5 21.Qc3 Qxc4 22.Qxc4 Bxc4
23.Rxc4 Rb8 24.Rdc1 Nd8 25.Kf1 Rbb6 26.g3 Ne6 27.Ke2 Nc7 28.R4c3 Nb5 29.Rd3 Rb8
30.Ke3 Rf8 31.Nh4 g6 32.f4 exf4+ 33.gxf4 Kd7 34.Nf3 Ke7 35.Nd2 Re8 36.Nc4 Rd8
37.Rcd1 Raa8 38.Na5 Ra6 39.Nc4 Raa8 40.h3 Ra6 41.R1d2 Ke6 42.f5+ gxf5 43.exf5+ Ke7
44.Kf4 Ra7 45.Re2+ Kf8 46.f6 d5 47.Ne5 Rd6 48.Kf5 d4 49.Rg2 Rf7 50.Nxf7 Kxf7
51.Rg7+ Kf8 52.Rxh7 Nc3 53.Rg3  1-0

[Event "Regionalliga SO9596"]
[Site "Bayern"]
[Date "1995.??.??"]
[Round "?"]
[White "Baumgartner, Jakob"]
[Black "Reubel, Max"]
[Result "0-1"]
[WhiteElo "1835"]
[BlackElo "1810"]

1.e4 c5 2.Nf3 Nc6 3.Bb5 e6 4.Nc3 Nge7 5.O-O a6 6.Bxc6 Nxc6 7.d4 cxd4 8.Nxd4 Qc7
9.Be3 b5 10.Kh1 Be7 11.Qd2 O-O 12.Rad1 Na5 13.Bf4 d6 14.Nde2 Nc4 15.Qc1 Bb7
16.f3 Rac8 17.Rd3 Rfd8 18.Nd1 Qb6 19.Ne3 Bf6 20.Nxc4 Rxc4 21.Rfd1 d5 22.e5 Be7
23.Be3 Qc7 24.c3 Qxe5 25.Bf4 Qf6 26.Qe3 h6 27.Be5 Qf5 28.g4 Qg5 29.f4 d4+
30.Kg1 Qxg4+ 31.Qg3 Qxg3+ 32.hxg3 Be4 33.Rxd4 Bc5 34.b3 Bxd4+ 35.cxd4 Rc2
36.Kf1 Bf3 37.Re1 Bxe2+ 38.Rxe2 Rxe2 39.Kxe2 f6 40.Bc7 Rc8 41.Bb6 Rc2+  0-1

[Event "Regionalliga SW9596"]
[Site "Bayern"]
[Date "1995.??.??"]
[Round "?"]
[White "Kraemer, Stefan"]
[Black "Schuetz, Guenter"]
[Result "0-1"]
[WhiteElo "2155"]
[BlackElo "2175"]

1.e4 c5 2.Nf3 Nc6 3.Bb5 g6 4.O-O Bg7 5.Bxc6 dxc6 6.d3 Nf6 7.Nc3 O-O 8.a4 Qc7
9.Be3 b6 10.a5 Ba6 11.axb6 axb6 12.Nd2 e5 13.Rb1 Rfd8 14.Qf3 h6 15.b4 cxb4
16.Rxb4 b5 17.Rb2 Bc8 18.h3 Be6 19.Nb3 Nd7 20.Qg3 Ra3 21.Nb1 Ra6 22.Nc5 Nxc5
23.Bxc5 Rda8 24.Nc3 Qa5 25.Bb4 Qb6 26.Qe3 Qxe3 27.fxe3 Bf8 28.Bxf8 Kxf8 29.Rfb1 Ra3
30.Ne2 Ke7 31.Kf2 Kd6 32.Ke1 f5 33.Ng3 f4 34.exf4 exf4 35.Ne2 Ke5 36.Rb4 g5
37.Kf2 h5 38.Rd1 R8a4 39.Rxa4 bxa4 40.Rb1 Ra2 41.d4+ Kd6 42.Rc1 Bc4 43.h4 Bxe2
44.Kxe2 g4 45.Kd3 Ra3+ 46.c3 Ra2 47.e5+ Ke6 48.Ke4 Rxg2 49.Kxf4 a3 50.c4 a2
51.Rd1 Rd2 52.Ra1 Rxd4+ 53.Kg5 Rd2 54.Kf4 Rc2  0-1

[Event "Oberliga Bayern9596"]
[Site "Bayern"]
[Date "1995.??.??"]
[Round "?"]
[White "Lickleder, Andreas"]
[Black "Schoenau, Werner"]
[Result "1/2-1/2"]
[WhiteElo "2235"]
[BlackElo "2305"]

1.e4 c5 2.Nf3 Nc6 3.Bb5 d6 4.Bxc6+ bxc6 5.O-O e5 6.d3 Be7 7.Ne1 Nf6 8.Qe2 Rb8
9.b3 O-O 10.Bb2 Bg4 11.f3 Be6 12.Nd2 Nh5 13.g3 Bh3 14.Ng2 f5 15.exf5 Rxf5
16.Ne4 Qe8 17.Nf2 Bxg2 18.Kxg2 Qg6 19.Nh3 Rbf8 20.Qe4 d5 21.Qg4 Qxg4 22.fxg4 Rxf1
23.Rxf1 Rxf1 24.Kxf1 Nf6 25.Nf2 Bd6 26.Ke2 Kf7 27.Kf3 Ne8 28.Nd1 Nc7 29.Ne3 Nb5
30.Nf5 Bc7 31.a4 Nd4+ 32.Nxd4 cxd4 33.Ba3 Ke6 34.Bc5 Bb6 35.Bf8 g6 36.Bb4 Bd8
37.Bc5 a6 38.Bb4 Be7 39.Ba5 Kd6 40.Bb4+ Kd7 41.Ba5 Kc8 42.Bb6 Bb4 43.h3 Kd7
44.Ke2 c5 45.Kf3 a5 46.Ke2 e4 47.Kf2 Kc6 48.Bd8 c4 49.bxc4 dxc4 50.dxe4 Kd7
51.Bg5 Ke6 52.Bf4 Bd6 53.Ke2 Ba3 54.Bd2 Ke5 55.Bxa5 Kxe4 56.Bb6 Kd5 57.Bd8 Kc6
58.Bf6 Bb2 59.Kd2 Bc3+ 60.Kd1 Kb6 61.Bd8+ Ka6 62.Ke2 Ba5 63.Bf6 Bc3 64.Kf3 Bb2
65.g5 Kb6 66.Ke4 d3 67.cxd3 c3 68.Kd5 Ba1 69.Bd4+ Ka5 70.Ke6 c2 71.Be3 Kxa4
72.Kf7 Kb3 73.Kg8 Ka2 74.Kxh7 Kb1 75.h4 Bb2 76.h5 Bd4 77.Bf4 Be5 78.Be3  1/2-1/2

[Event "Oberliga Bayern9495"]
[Site "Bayern"]
[Date "1995.??.??"]
[Round "3"]
[White "Menacher, Manfred"]
[Black "Schoenau, Werner"]
[Result "0-1"]
[WhiteElo "2320"]
[BlackElo "2280"]

1.e4 c5 2.Nf3 Nc6 3.Bb5 Nf6 4.Nc3 d6 5.e5 Nd7 6.exd6 e5 7.O-O Bxd6 8.Re1 O-O
9.Bxc6 bxc6 10.d3 f5 11.Nd2 Nb6 12.Qh5 Bd7 13.Nf3 Qc7 14.b3 Nd5 15.Bd2 Rae8
16.Qh4 a5 17.Qc4 Kh8 18.Na4 Be6 19.Nxc5 Bg8 20.Na4 Nb4 21.Qc3 e4 22.Nh4 Bxh2+
23.Kh1 Nd5 24.Qxa5 Qe7 25.g3 Bxg3 26.fxg3 f4 27.Rxe4 Qd7 28.Kg2 Qg4 29.Be1 Rxe4
30.dxe4 Ne3+ 31.Kg1 fxg3 32.Bc3 Qxh4 33.Bxg7+ Kxg7 34.Qd2 g2 35.Qd4+ Kg6
36.Qd6+ Rf6  0-1

[Event "Regionalliga SO9495"]
[Site "Bayern"]
[Date "1995.??.??"]
[Round "3"]
[White "Middelhoff, Cornelius"]
[Black "Zauner, Josef"]
[Result "1/2-1/2"]
[WhiteElo "2070"]
[BlackElo "2105"]

1.e4 c5 2.Nf3 Nc6 3.Bb5 e6 4.Bxc6 dxc6 5.b3 Nf6 6.d3 Be7 7.O-O O-O 8.Nc3 e5
9.Qd2 Bd6 10.Nh4 g6 11.Bb2 Nh5 12.Nf3 Qe7 13.Nd1 f6 14.Ne3 Rd8 15.Nc4 Be6
16.Qe3 Rd7 17.a4 Nf4 18.Nxd6 Qxd6 19.Ba3 b6 20.a5 Rad8 21.axb6 axb6 22.Bb2 Qb8
23.Rfd1 Ra7 24.Rxa7 Qxa7 25.Ra1 Qb7 26.Kf1 Ra8 27.Qc1 Bg4 28.Ng1 Ra6 29.f3 Bc8
30.Ne2 Ne6 31.Rxa6 Qxa6 32.Qa1 Qxa1+ 33.Bxa1 Nd4 34.Nxd4 cxd4 35.Ke2 c5 36.Kd2 Be6
37.Bb2 Kf7 38.Bc1 Ke7 39.c4 Kd6 40.Ba3 Kc6 41.b4  1/2-1/2

[Event "Oberliga Bayern9495"]
[Site "Bayern"]
[Date "1995.??.??"]
[Round "4"]
[White "Pfretzschner, Roland"]
[Black "Schoellmann, Jochen"]
[Result "0-1"]
[WhiteElo "2285"]
[BlackElo "2365"]

1.e4 c5 2.Nf3 Nc6 3.Bb5 g6 4.O-O Bg7 5.c3 Nf6 6.Re1 O-O 7.d4 d5 8.e5 Ne4
9.Ng5 Nxg5 10.Bxg5 cxd4 11.cxd4 f6 12.exf6 exf6 13.Bf4 Qb6 14.Nc3 Rd8 15.Bxc6 bxc6
16.Na4 Qb7 17.Nc5 Qf7 18.Qa4 Bb7 19.Rac1 Bf8 20.Nxb7 Qxb7 21.Qxc6 Qxc6 22.Rxc6 Rd7
23.Kf1 Kf7 24.Rec1 Re8 25.Rc7 Ree7 26.Rxd7 Rxd7 27.Ke2 Rb7 28.b3 Be7 29.Kd3 Bd8
30.Rc6 Ke7 31.g4 Rb6 32.Rc5 Ke6 33.Bc7 Bxc7 34.Rxc7 Ra6 35.a4 h5 36.gxh5 gxh5
37.Rh7 Rb6 38.Kc3 Rc6+ 39.Kb4 Rb6+ 40.Kc5 Rxb3 41.Rxa7 Rc3+ 42.Kb6 Rb3+ 43.Kc7 Rb4
44.a5 Rxd4 45.Rb7 Ra4 46.Rb6+ Ke5 47.a6 d4 48.Kb7 d3 49.a7 d2 50.Rb1 Ke4
51.a8=Q Rxa8 52.Kxa8 Kd3 53.Kb7 Kc2 54.Ra1 d1=Q 55.Rxd1 Kxd1 56.Kc6 Ke2 57.Kd5 Kxf2
58.Ke6 h4 59.Kxf6 Kg2 60.Kg5 h3  0-1

[Event "Regionalliga NO9495"]
[Site "Bayern"]
[Date "1995.??.??"]
[Round "5"]
[White "Reiser, Wolfgang"]
[Black "Theisinger, Felix"]
[Result "1-0"]
[WhiteElo "2080"]
[BlackElo "2000"]

1.e4 c5 2.Nf3 Nc6 3.Bb5 g6 4.O-O Bg7 5.Re1 e5 6.c3 Nge7 7.Na3 O-O 8.Nc2 Qb6
9.Bxc6 dxc6 10.d3 Bg4 11.Be3 Rad8 12.b4 Qa6 13.Bxc5 Rxd3 14.Qc1 Bxf3 15.gxf3 Bf6
16.Ne3 b6 17.Ng4 bxc5 18.Nxf6+ Kg7 19.Qg5 Ng8 20.Nh5+ Kh8 21.Qxe5+ f6 22.Qxc5 Rfd8
23.Ng3 Qb6 24.Qxb6 axb6 25.Re3 Rxe3 26.fxe3 Rd3 27.Rc1 Rd2 28.Ra1 Rc2 29.a4 Rxc3
30.a5 bxa5 31.bxa5 Rb3 32.a6 Rb8 33.Ne2 Ne7 34.Nd4 Ra8 35.Kf2 Ra7 36.Ke2 Kg8
37.Kd3 Kf7 38.Kc4 Ke8 39.Kc5 Kd7 40.f4 g5 41.Nf5 Nxf5 42.exf5 Kc7 43.fxg5 fxg5
44.f6  1-0

[Event "Regionalliga SW9495"]
[Site "Bayern"]
[Date "1995.??.??"]
[Round "5"]
[White "Stubenrauch, Bruno"]
[Black "Mueller, Marcus"]
[Result "0-1"]
[WhiteElo "1990"]
[BlackElo "2080"]

1.e4 c5 2.Nf3 Nc6 3.Bb5 g6 4.O-O Nf6 5.Bxc6 dxc6 6.Qe2 Bg7 7.d3 O-O 8.Bd2 Nd7
9.Bc3 e5 10.Ne1 Qc7 11.Qe3 Re8 12.Nd2 b6 13.g3 Nf8 14.Ng2 Ne6 15.Kh1 Nd4
16.Bxd4 cxd4 17.Qe2 Bh6 18.f3 c5 19.Rf2 Bh3 20.Nf1 f5 21.Re1 Qd7 22.Qd1 b5
23.Rfe2 Bg7 24.Nd2 Rac8 25.b3 Rf8 26.Rg1 Qf7 27.Qe1 fxe4 28.Rxe4 Be6 29.Re2 Bd5
30.Rf1 Qb7 31.Ne4 Qc6 32.Kg1 c4 33.Qb4 a5 34.Qd2 a4 35.Qb4 Rf7 36.Qa3 axb3
37.axb3 Ra8 38.Qb2 Bh6 39.Qb1 Raf8 40.Ref2 Be3 41.Nxe3 dxe3 42.Re2 Rxf3 43.Rxf3 Rxf3
44.bxc4 bxc4 45.Nc3 Be6 46.Nd1 Bh3 47.Nxe3 Qa8 48.Qc1 c3 49.Ng2 Rf6 50.Qe3 Qa1+
51.Re1 Qa8 52.Qe4 Qa7+ 53.Qe3 Qb7 54.Qe4 Qa7+ 55.Qe3 Qf7 56.Ra1 Qd5 57.Qe4 Qxe4
58.dxe4 Rd6 59.Ne3 Rd4 60.Ra3 Rxe4 61.Rxc3 Ra4 62.Kf2 Kg7 63.Rc7+ Kh6 64.Re7 Ra5
65.g4 Kg5 66.Kg3 Bxg4  0-1

[Event "Regionalliga SO9495"]
[Site "Bayern"]
[Date "1995.??.??"]
[Round "6"]
[White "Tauber, Rainer"]
[Black "Piljic, Srecko"]
[Result "1/2-1/2"]
[WhiteElo "1970"]
[BlackElo "2280"]

1.e4 c5 2.Nf3 Nc6 3.Bb5 g6 4.O-O Bg7 5.c3 d5 6.e5 Qb6 7.Ba4 Bg4 8.Re1 e6
9.d3 Ne7 10.Nbd2 O-O 11.h3 Bxf3 12.Nxf3 Qa6 13.Bg5 b5 14.Bc2 Rac8 15.Qd2 Qb6
16.Rac1 a5 17.h4 h5 18.d4 cxd4 19.cxd4 Rfe8 20.Bh6 Nb4 21.Bb1 Nf5 22.Bxg7 Kxg7
23.Rc3 Rc4 24.b3 Rc6 25.Rxc6 Nxc6 26.Bxf5 exf5 27.Rc1 Ne7 28.Rc5 Rc8 29.Qg5 Rxc5
30.dxc5 Qe6 31.Qe3 Nc6 32.Nd4 Nxd4 33.Qxd4 Kf8 34.a3 Kg8 35.f4 f6 36.b4 axb4
37.axb4 Kf7 38.Kf2 fxe5 39.fxe5 Qc6 40.Ke3 Ke6 41.Qa1 Qb7 42.Kf4 Kf7 43.Ke3 Qe7
44.g3 g5 45.Qd4 Ke6 46.hxg5 Qxg5+ 47.Qf4 Qg7 48.Kd4 h4 49.gxh4 Qg1+ 50.Kd3 Qd1+
51.Ke3 Qe1+ 52.Kd3 Qd1+ 53.Ke3 Qe1+ 54.Kd3  1/2-1/2

[Event "Belgrade (Women)"]
[Site "Belgrade"]
[Date "1995.??.??"]
[Round "1"]
[White "Peptan, Corina"]
[Black "Maric, Mirjana"]
[Result "1/2-1/2"]
[WhiteElo "2295"]
[BlackElo "2260"]

1.e4 c5 2.Nf3 Nc6 3.Bb5 Nf6 4.Qe2 e5 5.O-O Bd6 6.Na3 Bc7 7.c3 O-O 8.d3 a6
9.Bxc6 dxc6 10.Bg5 h6 11.Bh4 Qe7 12.Nc4 Re8 13.Rad1 b5 14.Ne3 Bd7 15.Nd2 Be6
16.Nf5 Bxf5 17.exf5 Qd6 18.Bxf6 Qxf6 19.Qg4 Qe7 20.Ne4 f6 21.Rfe1 Rad8 22.Re3 Bb6
23.Rg3 Qf7 24.Qh4 Kf8 25.Rg6 Ke7 26.Qg3 Kf8 27.Qe3 Ba7 28.Nxf6 Re7 29.Nh7+ Ke8
30.Qe4 Qd5 31.Qxd5 cxd5 32.f6 gxf6 33.Rg8+ Kd7 34.Nxf6+ Kc7 35.Rxd8 Kxd8
36.Nxd5 Rf7 37.Rd2 Kd7 38.c4 Bb8 39.f3 Bc7 40.Re2 Kd6 41.Re4 Bd8 42.h4 Rg7
43.Ne3 Rg6 44.Kh2 Rf6 45.Rg4 Ba5 46.Nd5 Re6 47.Rg7 bxc4 48.dxc4 e4 49.fxe4 Rxe4
50.Rg6+ Ke5 51.b3 Rxh4+ 52.Kg1 Bd2 53.Rxa6 Re4 54.Kf2 Kd4 55.Rd6 Kd3 56.Nb4+ Kc3
57.Rd3+ Kxb4 58.Rxd2 Re6 59.Kf3 Kc3 60.Rd5 Kb4 61.g4 Ra6 62.Rd2 Kc3 63.Rf2 Rg6
64.Kf4 Kd3 65.Rh2 Kc3 66.Rh5 Kb4 67.Kf5 Ra6 68.Rh2 Ka3 69.Ke5 Rg6 70.Rg2 Rg5+
71.Kf4 Rg6 72.Rd2 Rc6 73.Kf5 Rc8 74.Rh2 Rc6 75.Ke5 Rg6 76.Kd5 Kb4 77.Ke5 Rg5+
78.Kf4 Rg6 79.Rh3 Ra6 80.Kf5  1/2-1/2

[Event "Belgrade (Women)"]
[Site "Belgrade"]
[Date "1995.??.??"]
[Round "7"]
[White "Peptan, Corina"]
[Black "Grabics, Monika"]
[Result "1-0"]
[WhiteElo "2295"]
[BlackElo "2315"]

1.e4 c5 2.Nf3 Nc6 3.Bb5 g6 4.O-O Bg7 5.Re1 Nf6 6.c3 O-O 7.d3 d6 8.Nbd2 Qb6
9.Ba4 Qa6 10.Bc2 b5 11.d4 b4 12.h3 bxc3 13.bxc3 Nh5 14.Nf1 cxd4 15.cxd4 Nb4
16.Bb3 Nd3 17.Re2 Nhf4 18.Bxf4 Nxf4 19.Rc2 Be6 20.Ne3 Bxb3 21.axb3 Qb7 22.Rc4 Rfb8
23.Rac1 Rc8 24.d5 Rxc4 25.Rxc4 a5 26.g3 Nh5 27.Nd4 Qb6 28.Nc6 Nxg3 29.Nxe7+ Kf8
30.Nc6 Nh5 31.Ng4 Re8 32.Qf3 Kg8 33.Kg2 Rf8 34.Ra4 f5 35.exf5 gxf5 36.Ne3 Nf6
37.Rh4 Qxb3 38.Qxf5 h6 39.Ne7+ Kh8 40.Ng6+ Kg8 41.Qe6+ Rf7 42.Ne7+ Kf8 43.Qc8+ Ne8
44.Ng6+  1-0

[Event "Berliner Sommer"]
[Site "Berlin"]
[Date "1995.??.??"]
[Round "1"]
[White "Rechlis, Gad"]
[Black "Tiemer, K."]
[Result "1-0"]
[WhiteElo "2490"]
[BlackElo "2060"]

1.e4 c5 2.Nf3 Nc6 3.Bb5 g6 4.Bxc6 dxc6 5.h3 Nf6 6.d3 Bg7 7.Nc3 O-O 8.Be3 b6
9.Qd2 Re8 10.a3 e5 11.b4 cxb4 12.axb4 Bb7 13.O-O Nd7 14.Rfd1 Qe7 15.Rab1 Red8
16.Rb3 Nf8 17.Ra1 Ne6 18.Rba3 Qxb4 19.Rxa7 Rxa7 20.Rxa7 Rb8 21.Ra4 Qd6 22.Bxb6 c5
23.Ba5 Bc6 24.Ra1 Nf4 25.Qd1 Bd7 26.Ne2 g5 27.Bc3 Nxe2+ 28.Qxe2 g4 29.hxg4 Bxg4
30.Qe3 Re8 31.Ra5 Bh6 32.Qxc5 Qg6 33.Nxe5  1-0

[Event "Berliner Sommer"]
[Site "Berlin"]
[Date "1995.??.??"]
[Round "2"]
[White "Wells, Peter K"]
[Black "Pachow, Joerg"]
[Result "1-0"]
[WhiteElo "2545"]
[BlackElo "2290"]

1.e4 c5 2.Nf3 Nc6 3.Bb5 g6 4.O-O Bg7 5.Re1 Nf6 6.e5 Nd5 7.Nc3 Nc7 8.Bxc6 dxc6
9.Ne4 Ne6 10.d3 Qc7 11.Bd2 b6 12.Qc1 h6 13.Bc3 Qd7 14.Qd2 Bb7 15.Nf6+ exf6
16.exf6 Bf8 17.Rxe6+ Qxe6 18.Re1 Bc8 19.Qf4 Qxe1+ 20.Bxe1 Be6 21.Qc7 Rc8
22.Qxa7 Bd6 23.Ne5 g5 24.Bc3 O-O 25.Qxb6 Ra8 26.Qxc6 Rxa2 27.h4 Rd8 28.hxg5 hxg5
29.Qf3 Ra1+ 30.Kh2 Re1 31.Qg3 Bxe5 32.Bxe5 g4 33.Qf4 Kf8 34.Bc3 Re2 35.Qc7 Rc8
36.Qd6+ Kg8 37.Qf4 Kf8 38.Be5 Rxc2 39.Bd6+ Ke8 40.Qa4+  1-0

[Event "Berliner Sommer"]
[Site "Berlin"]
[Date "1995.??.??"]
[Round "3"]
[White "MacGilchrist, Siegrun"]
[Black "Schulz, Michael"]
[Result "1-0"]
[WhiteElo "2145"]
[BlackElo "1715"]

1.e4 c5 2.Nf3 Nc6 3.Bb5 e6 4.O-O Nge7 5.d4 cxd4 6.Nxd4 Qb6 7.Nxc6 Nxc6 8.Nc3 a6
9.Be3 Qc7 10.Be2 Be7 11.Qd2 O-O 12.Rad1 d6 13.f4 b5 14.a3 Rd8 15.Qe1 Bf8
16.Rf3 Ne7 17.Qf2 f5 18.Bb6 Qd7 19.Bxd8 Qxd8 20.e5 d5 21.Rh3 Ng6 22.Bh5 Be7
23.Ne2 Qc7 24.Rc3 Qd7 25.Nd4 Bb7 26.Rdd3 Rc8 27.Rxc8+ Qxc8 28.Rc3 Qd7 29.g3 b4
30.axb4 Bxb4 31.Rb3 Bc5 32.Qd2 Qa4 33.Rxb7 Bxd4+ 34.Kg2 Bc5 35.b4 Bf8 36.Be2 Qc6
37.Ra7 d4+ 38.Kh3 Qb6 39.Rxa6  1-0

[Event "Berliner Sommer"]
[Site "Berlin"]
[Date "1995.??.??"]
[Round "5"]
[White "Brodsky, Michail"]
[Black "Tregubov, Pavel V"]
[Result "1-0"]
[WhiteElo "2555"]
[BlackElo "2490"]

1.e4 c5 2.Nf3 Nc6 3.Bb5 e6 4.O-O Nge7 5.Re1 a6 6.Bf1 d5 7.exd5 Qxd5 8.Bd3 Ng6
9.Be4 Qd7 10.c3 Be7 11.d4 O-O 12.Be3 Rd8 13.Qe2 cxd4 14.cxd4 f5 15.Bc2 f4
16.Bd2 Nxd4 17.Nxd4 Qxd4 18.Bc3 Qc5 19.Nd2 Bd7 20.Rad1 Kh8 21.Nf3 Qh5 22.Be4 Bb5
23.Qc2 Rxd1 24.Qxd1 Rd8 25.Qb3 Bc6 26.Bxc6 bxc6 27.Rxe6 Qc5 28.h3 Bf8 29.Qa4 Qb5
30.Qc2 c5 31.Ng5 Qd7 32.Qf5 Kg8 33.Nxh7 Nh4 34.Nf6+ gxf6 35.Qxf6 Rc8 36.Qg5+ Bg7
37.Re7  1-0

[Event "Berliner Sommer"]
[Site "Berlin"]
[Date "1995.??.??"]
[Round "5"]
[White "Meier, Volker"]
[Black "Wells, Peter K"]
[Result "0-1"]
[WhiteElo "2320"]
[BlackElo "2545"]

1.e4 c5 2.Nf3 Nc6 3.Bb5 g6 4.O-O Bg7 5.c3 Nf6 6.Re1 O-O 7.h3 e5 8.Bxc6 dxc6
9.Qe2 Nd7 10.a4 Qe7 11.Na3 Rd8 12.Nc4 Nf8 13.d3 f6 14.a5 Be6 15.Be3 Bf7 16.Kh2 Ne6
17.g3 Qc7 18.Kh1 b5 19.axb6 axb6 20.Rxa8 Rxa8 21.Rd1 Rd8 22.Kg2 b5 23.Na3 Qd7
24.Rd2 f5 25.Ng5 f4 26.Nxe6 Bxe6 27.gxf4 Bxh3+ 28.Kh2 exf4 29.Bxf4 Rf8 30.Bg3 Bg4
31.Qe3 Bf3 32.Qg5 Bf6 33.Qxc5 Qg4 34.Nc2 Bg5 35.Ne3 Qh5+  0-1

[Event "Berliner Sommer"]
[Site "Berlin"]
[Date "1995.??.??"]
[Round "5"]
[White "Ulibin, Mikhail"]
[Black "Troyke, Christian"]
[Result "1-0"]
[WhiteElo "2545"]
[BlackElo "2345"]

1.e4 c5 2.Nf3 Nc6 3.Bb5 g6 4.Bxc6 bxc6 5.O-O Bg7 6.Re1 Nh6 7.c3 f6 8.d4 cxd4
9.cxd4 Nf7 10.Nc3 d6 11.h3 O-O 12.b3 Qa5 13.Bb2 Qh5 14.d5 c5 15.Ne2 g5 16.Ng3 Qg6
17.Nh2 e5 18.dxe6 Bxe6 19.Ng4 Rad8 20.Ne3 Nh6 21.Ngf5 Bxf5 22.exf5 Qf7 23.Qc2 Rfe8
24.Rad1 Kh8 25.Rd2 Ng8 26.Red1 Qc7 27.Qc4 Ne7 28.b4 Qc8 29.bxc5 Nxf5 30.Nxf5 Qxf5
31.Rxd6 Rc8 32.c6 Rf8 33.Rd7 Qa5 34.Bd4 Rc7 35.Bc3 Qb6 36.Rxc7 Qxc7 37.Rd7 Qb6
38.c7 Rc8 39.Qf7  1-0

[Event "Berliner Sommer"]
[Site "Berlin"]
[Date "1995.??.??"]
[Round "7"]
[White "Nikolenko, Oleg"]
[Black "Soffer, Ram"]
[Result "1/2-1/2"]
[WhiteElo "2475"]
[BlackElo "2530"]

1.e4 c5 2.Nf3 Nc6 3.Bb5 g6 4.O-O Bg7 5.Re1 Nf6 6.e5 Nd5 7.Nc3 Nc7 8.Bxc6 dxc6
9.Ne4 Ne6 10.d3 O-O 11.Be3 b6 12.Qd2 f5 13.exf6 exf6 14.Bh6 a5 15.Bxg7 Kxg7
16.Re2 Ra7 17.Rae1 Re7 18.h4 Ree8 19.Ng3  1/2-1/2

[Event "Bern op"]
[Site "Bern"]
[Date "1995.??.??"]
[Round "6"]
[White "Kuzmin, Gennadi P"]
[Black "Zimmermann, Peter"]
[Result "1-0"]
[WhiteElo "2545"]
[BlackElo "2105"]

1.e4 c5 2.Nf3 Nc6 3.Bb5 e6 4.O-O Nge7 5.c3 a6 6.Ba4 b5 7.Bc2 d6 8.d4 cxd4
9.cxd4 Ng6 10.Nc3 Be7 11.d5 Nce5 12.Nd4 Bd7 13.a4 b4 14.dxe6 fxe6 15.Nce2 Nf7
16.Bb3 e5 17.Nf5 O-O 18.Neg3 Bxf5 19.Nxf5 Kh8 20.Qg4 Bf6 21.Rd1 Ne7 22.Ng3 Nc6
23.Bd5 Rc8 24.Be3 Nd4 25.Rac1 Rc5 26.h3 g6 27.Kh1 Bg7 28.Rf1 Nh6 29.Qd1 Ng8
30.Qd3 Qa5 31.b3 Qb6 32.Ne2 Qc7 33.Bc4 Nxe2 34.Qxe2 Bh6 35.Bxc5 Bxc1 36.Bxb4 Qb6
37.Bc3 Bh6 38.a5 Qb7 39.Qd3 Rd8 40.Bxa6  1-0

[Event "Biel op"]
[Site "Biel"]
[Date "1995.??.??"]
[Round "1"]
[White "Fierro Baquero, Martha Lorena"]
[Black "Tseitlin, Mark D"]
[Result "0-1"]
[WhiteElo "2115"]
[BlackElo "2545"]

1.e4 c5 2.Nf3 Nc6 3.Bb5 Nf6 4.e5 Nd5 5.O-O g6 6.c3 Nc7 7.Bc4 Bg7 8.d4 O-O
9.Bf4 b5 10.Bb3 Bb7 11.Nbd2 cxd4 12.cxd4 Ne6 13.Be3 Nb4 14.Qe2 Rb8 15.Ng5 Nxg5
16.Bxg5 a5 17.a3 Nc6 18.Qg4 a4 19.Ba2 d6 20.Ne4 dxe5 21.d5 Nd4 22.d6 Qc8
23.Qxc8 Rfxc8 24.d7 Rc7 25.Bxe7 Rxd7 26.Nf6+ Bxf6 27.Bxf6 Ne2+ 28.Kh1 Re8
29.Rad1 Rd4 30.Rfe1 Bc8 31.h3 Rf4 32.Rxe2 Rxf6 33.Rd5 e4 34.Rc5 Rf5 35.Rc7 Be6
36.Rxe4 Rxf2 37.Bxe6 Rxe6 38.Rb4 Re1+ 39.Kh2 Ree2 40.Rxb5 Rxg2+ 41.Kh1 Rh2+
42.Kg1 Reg2+ 43.Kf1 Rxb2 44.Rxb2 Rxb2 45.Ra7 Rb3 46.Rxa4 Rxh3 47.Kg2 Rb3
48.Ra7 Kg7 49.a4 Ra3  0-1

[Event "Biel op"]
[Site "Biel"]
[Date "1995.??.??"]
[Round "2"]
[White "Chehlov, Aleksander"]
[Black "Kawaciukova, Zuzana"]
[Result "1-0"]
[WhiteElo "2255"]
[BlackElo "2080"]

1.e4 c5 2.Nf3 Nc6 3.Bb5 g6 4.O-O Bg7 5.Re1 e6 6.c3 e5 7.d4 cxd4 8.cxd4 Nxd4
9.Nxd4 exd4 10.e5 Ne7 11.Bg5 O-O 12.Qxd4 Nc6 13.Qh4 Qb6 14.Nc3 Nxe5 15.Rad1 a6
16.Nd5 Qxb5 17.Rxe5 Qxb2 18.Nf6+ Bxf6 19.Bxf6 Qc2 20.Rde1 h5 21.Re8 Qc5 22.Bd4 Qd6
23.Rxf8+ Qxf8 24.Qf6  1-0

[Event "Biel op"]
[Site "Biel"]
[Date "1995.??.??"]
[Round "3"]
[White "Oratovsky, Michael"]
[Black "Balenovic, Zvonimir"]
[Result "1-0"]
[WhiteElo "2490"]
[BlackElo "2300"]

1.e4 c5 2.Nf3 Nc6 3.Bb5 g6 4.Bxc6 dxc6 5.d3 Bg7 6.h3 Nf6 7.Nc3 O-O 8.Be3 Qa5
9.Nd2 b6 10.O-O Qa6 11.f4 Be6 12.g4 Qb7 13.f5 Bc8 14.Qe1 Qc7 15.Bf4 Qd8 16.Qh4 e6
17.g5 Nh5 18.f6 Bh8 19.Be5 Ba6 20.Rad1 b5 21.Ne2 Qb6 22.Nf4 c4+ 23.d4 Nxf4
24.Rxf4 h5 25.gxh6 Rfd8 26.Nf3 b4 27.h7+ Kf8 28.Qh6+ Ke8 29.Qg7 c3 30.Ng5 Bxg7
31.fxg7 Kd7 32.Rxf7+ Kc8 33.g8=Q cxb2 34.h8=Q  1-0